000
00245nam a22000977a 4500
082
_a
358.2 HIS'T
245
_a
HISTORY OF THE CORPS OF ENGINEER'S PAKISTAN ARMY
260
_a
RAWALPINDI
_b
ARMY EDUCATION PRESS
_c
1989
300
_a
348P
942
_c
BK
999
_c
584368
_d
584368